| 000 | 01443cam a2200277 i 4500 | ||
|---|---|---|---|
| 005 | 20200104041541.0 | ||
| 008 | 030528s2003 enk b 001 0 eng | ||
| 020 | _a1844070433 (hbk.) | ||
| 020 | _a1844070441 (pbk.) | ||
| 040 |
_aDLC _cDLC _dDLC _dWaU _dCO-BoIAVH |
||
| 041 | _aeng | ||
| 082 | 0 | 4 |
_a346.048 _bT76t |
| 245 | 0 | 0 |
_aTrading in knowledge : _bdevelopment perspectives on TRIPS, trade, and sustainability / _cedited by Christophe Bellmann, Graham Dutfield, and Ricardo Melendez-Ortiz. |
| 260 |
_aLondon ; _aSterling, VA : _bEarthscan Publications, _c2003. |
||
| 300 |
_axvii, 358 páginas ; _c23 cm. |
||
| 504 | _aIncluye referencias bibliográficas e índice. | ||
| 505 | 0 | _aTRIPS and development -- TRIPS and the international system on genetic resources -- The WIPO agenda -- Plant variety protection and patents on life forms -- TRIPS and public health -- IPRs and the protection of traditional knowledge -- Regional initiatives -- National legislative reforms. | |
| 650 | 1 | 4 | _aDerecho de autor (Derecho internacional) |
| 650 | 2 | 4 | _aDesarrollo sostenible |
| 700 | 1 |
_aBellmann, Christophe, _d1971-, _eeditor. |
|
| 700 | 1 |
_aDutfield, Graham, _eeditor. |
|
| 700 | 1 |
_aMeléndez-Ortiz, Ricardo, _eeditor. |
|
| 710 | 2 | _aInternational Centre for Trade and Sustainable Development. | |
| 856 | 4 | 1 |
_3Tabla de contenido _uhttp://www.loc.gov/catdir/toc/ecip044/2003011359.html |
| 942 |
_2ddc _cLIBRO |
||
| 999 |
_c3536 _d3536 |
||